[Prices for construction work and trades] (Record no. 114651)

MARC details
000 -LEADER
fixed length control field 00609ctm a22001815a 4500
001 - CONTROL NUMBER
control field L157211
008 - FIXED-LENGTH DATA ELEMENTS--GENERAL INFORMATION
fixed length control field 120925q1930 xxk f 000 0 eng d
035 ## - SYSTEM CONTROL NUMBER
System control number (Sirsi) u157211
041 0# - LANGUAGE CODE
Language code of text/sound track or separate title eng
245 01 - TITLE STATEMENT
Title [Prices for construction work and trades]
Remainder of title [manuscript]
260 ## - PUBLICATION, DISTRIBUTION, ETC.
Date of publication, distribution, etc. [1920-1930?]
300 ## - PHYSICAL DESCRIPTION
Extent 1v
Dimensions 33 cm.
520 ## - SUMMARY, ETC.
Summary, etc. The item is a manuscript ledger setting out the costs of various types of construction work, and rates for tradesmen.
583 ## - ACTION NOTE
Action Condition reviewed
Time/date of action 20120925
Status condition level 2
651 #4 - SUBJECT ADDED ENTRY--GEOGRAPHIC NAME
Geographic name Great Britain
Chronological subdivision 1707-
690 ## - LOCAL SUBJECT ADDED ENTRY--TOPICAL TERM (OCLC, RLIN)
Topical term or geographic name as entry element Construction management
9 (RLIN) 6230
942 ## - ADDED ENTRY ELEMENTS (KOHA)
Suppress in OPAC 0
Holdings
Withdrawn status Lost status Source of classification or shelving scheme Damaged status Not for loan Home library Current library Shelving location Date acquired Total Checkouts Full call number Barcode Date last seen Copy number Price effective from Koha item type
    Dewey Decimal Classification     Historic collection Historic collection Historic collection 25/09/2012   FOLIO 1930 PRICES 30077069 06/08/2019 1 06/08/2019 Book